MARC
| LEADER | 00000cam a2200000 7i4500 | ||
|---|---|---|---|
| 001 | 0000036973 | ||
| 005 | 20130709.0 | ||
| 008 | 130709 | ||
| 020 | |a 0736059024 | ||
| 090 | 0 | 0 | |a 796.352 |b SCH |
| 100 | 1 | |a Schempp.G Paul | |
| 245 | 1 | 0 | |a Golf steps to success |c Paul G.Schempp |
| 260 | |a U.K : |b Human Kinetics publication , |c 2007 | ||
| 650 | 0 | |a Athletic |x training. | |
| 650 | 0 | |a Exercise | |
| 650 | 0 | |a Golf |x training. | |
| 999 | |a 0001153258 |b Book |c Adult Collection |e Cawangan AEON Kulaijaya | ||